Načítá se...
Barron's GRE (graduate record examination)
| Hlavní autor: | |
|---|---|
| Médium: | Printed Book |
| Jazyk: | English |
| Vydáno: |
New Delhi
Golgotia
2009
|
| Vydání: | 18th ed. |
| Témata: |
| LEADER | 00569nam a22001817a 4500 | ||
|---|---|---|---|
| 005 | 20200810155145.0 | ||
| 008 | 110204t xxu||||| |||| 00| 0 eng d | ||
| 082 | |a 378.1662 |b BAR | ||
| 100 | |a Barron |9 8549 | ||
| 245 | |a Barron's GRE (graduate record examination) | ||
| 250 | |a 18th ed. | ||
| 300 | |a viiii, 591p. | ||
| 653 | |a GRE examination | ||
| 942 | |c BK |6 _ | ||
| 260 | |a New Delhi |b Golgotia |c 2009 | ||
| 020 | |a 9788175156067 | ||
| 999 | |c 214924 |d 214924 | ||
| 952 | |0 0 |1 0 |2 ddc |4 0 |6 3781662_BAR |7 0 |9 278567 |a PHY |b PHY |d 2011-02-04 |o 378.1662 BAR |p PHY013441 |r 2011-02-04 |t 1 |w 2011-02-04 |y REF | ||